Orientacions i programes : educació per a la salut a l'escola / Generalitat de Catalunya. Departament d'Ensenyament i Departament de Sanitat i Seguretat Social educació per a la salut a l'escola / Generalitat de Catalunya. Departament d'Ensenyament i Departament de Sanitat i Seguretat Social
Descripción Física:
156 p. : il. ; 30 cm
MARC
| LEADER | 00000nam a2200000Ia 4500 | ||
|---|---|---|---|
| 001 | 1514 | ||
| 008 | 160829s1984 xx 000 0 cat d | ||
| 080 | |a E-1-26 | ||
| 110 | |a Catalunya. |b Departament d'Ensenyament |9 52899 | ||
| 245 | |a Orientacions i programes : |b educació per a la salut a l'escola / Generalitat de Catalunya. Departament d'Ensenyament i Departament de Sanitat i Seguretat Social | ||
| 260 | |a Barcelona : |b Secretaria General del Departament d'Ensenyament, |c 1984 | ||
| 300 | |a 156 p. : |b il. ; |c 30 cm | ||
| 650 | |a Educació sanitària |x Catalunya |9 31643 | ||
| 650 | |a Higiene escolar |x Catalunya |9 31644 | ||
| 710 | 1 | |a Catalunya. |b Departament de Sanitat i Seguretat Social |9 56409 | |
| 901 | |a Arxiu | ||
| 942 | |n 1 | ||
| 952 | |0 0 |1 0 |4 0 |6 E126 |7 1 |9 45705 |a Arxiu |b Arxiu |d 2016-12-01 |l 0 |o E-1-26 |p 1514 |r 2016-12-01 00:00:00 |w 2016-12-01 |y ARXIU | ||
| 999 | |c 49205 |d 49205 | ||